header

Numerical methods for mathematics, science, and engineering / (Record no. 250896)

MARC details
000 -LEADER
fixed length control field 01125pam a2200289 a 4500
001 - CONTROL NUMBER
control field 4853487
003 - CONTROL NUMBER IDENTIFIER
control field OSt
005 - DATE AND TIME OF LATEST TRANSACTION
control field 20151023125333.0
008 - FIXED-LENGTH DATA ELEMENTS--GENERAL INFORMATION
fixed length control field 911119s1992 njua b 001 0 eng
010 ## - LIBRARY OF CONGRESS CONTROL NUMBER
LC control number 91042722
020 ## - INTERNATIONAL STANDARD BOOK NUMBER
International Standard Book Number 0136249906
040 ## - CATALOGING SOURCE
Original cataloging agency DLC
Transcribing agency DLC
Modifying agency DLC
050 00 - LIBRARY OF CONGRESS CALL NUMBER
Classification number QA297
Item number .M39 1992
082 00 - DEWEY DECIMAL CLASSIFICATION NUMBER
Classification number 519.4
Edition number 20
100 1# - MAIN ENTRY--PERSONAL NAME
Personal name Mathews, John H.,
Dates associated with a name 1943-
245 10 - TITLE STATEMENT
Title Numerical methods for mathematics, science, and engineering /
Statement of responsibility, etc John H. Mathews.
250 ## - EDITION STATEMENT
Edition statement 2nd ed.
260 ## - PUBLICATION, DISTRIBUTION, ETC. (IMPRINT)
Place of publication, distribution, etc Englewood Cliffs, N.J. :
Name of publisher, distributor, etc Prentice Hall,
Date of publication, distribution, etc c1992.
300 ## - PHYSICAL DESCRIPTION
Extent x, 646 p. :
Other physical details ill. ;
Dimensions 24 cm.
500 ## - GENERAL NOTE
General note Rev. ed. of: Numerical methods for computer science, engineering, and mathematics. 1987.
504 ## - BIBLIOGRAPHY, ETC. NOTE
Bibliography, etc Includes bibliographical references (p. 594-603) and index.
650 #0 - SUBJECT ADDED ENTRY--TOPICAL TERM
Topical term or geographic name as entry element Numerical analysis.
700 1# - ADDED ENTRY--PERSONAL NAME
Personal name Mathews, John H.,
Dates associated with a name 1943-
Title of a work Numerical methods for computer science, engineering, and mathematics.
906 ## - LOCAL DATA ELEMENT F, LDF (RLIN)
a 7
b cbc
c orignew
d 1
e ocip
f 19
g y-gencatlg
942 ## - ADDED ENTRY ELEMENTS (KOHA)
Source of classification or shelving scheme Library of Congress Classification
Koha item type Long Loan Books
Holdings
Withdrawn status Lost status Source of classification or shelving scheme Damaged status Not for loan Collection code Home library Current library Shelving location Date acquired Total Checkouts Full call number Barcode Date last seen Date checked out Price effective from Koha item type
    Library of Congress Classification     Non-fiction Rongo University Library Rongo University Library General Stacks 23/10/2015 7 QA297 .M39 1992 20088265 23/11/2016 09/11/2016 23/10/2015 Long Loan Books

© 2026 Rongo University
Contact us: librarian | system librarian | Rongo university